000 00848nam a2200229 i 4500
001 39577
003 ES-MaACL
005 20251206063028.0
007 t|
008 030303s1967 sp ||||1| spa d
080 _a821.134.2-14"15"
100 1 _aSepúlveda, Lorenzo de,
_dfl. 1551
_9174014
245 1 0 _aCancionero de romances :
_b(Sevilla, 1584) /
_cLorenzo de Sepúlveda ; edición, estudio, bibliografía e índices por Antonio Rodríguez-Moñino.
260 _aMadrid :
_bCastalia,
_c1967.
300 _a341 p. ;
_c24 cm.
490 1 _aColección de romanceros de los siglos de oro ;
_v3
700 1 _aRodríguez-Moñino, Antonio.
_998681
830 1 _aColección de romanceros de los siglos de oro ;
_v3
_9181806
852 4 _aES-MaACL
_jE-8316
852 4 _aES-MaACL
_jP-1417-3
_z- Enc. tela verde
999 _c39577
_d39577